Energy balances of non-OCDE countries 2003-2004: bilans énergétiques des pays non membres
Збережено в:
| Співавтори: | , , |
|---|---|
| Формат: | Книга |
| Мова: | Англійська |
| Опубліковано: |
París
OCDE
2006
|
| Предмети: | |
| Теги: |
Додати тег
Немає тегів, Будьте першим, хто поставить тег для цього запису!
|
MARC
| LEADER | 00000nam a2200000 a 4500 | ||
|---|---|---|---|
| 001 | UCI6947 | ||
| 003 | CL-VaPUC | ||
| 008 | 080530e20060000FR |||||||||||||||||eng|d | ||
| 020 | |a 9789264110342 | ||
| 082 | 0 | 4 | |a 333.79 |b OEC |2 21 |
| 110 | 2 | |a OECD |e author |9 530030 | |
| 710 | 2 | |a Organisation for Economic Co-Operation and Development |e author |9 530031 | |
| 710 | 2 | |a International Energy Agency |e author |9 530032 | |
| 245 | 1 | 0 | |a Energy balances of non-OCDE countries 2003-2004: bilans énergétiques des pays non membres |
| 300 | |a 365 p | ||
| 942 | |c BK | ||
| 945 | |d 20080530 00:00:00 |a jtorresc | ||
| 260 | |a París |b OCDE |c 2006 | ||
| 650 | 0 | |a Energía |9 259431 | |
| 650 | 0 | |a Fuentes de energía |9 263042 | |
| 650 | 0 | |a Análisis estadístico |9 269506 | |
| 583 | |a last modification |c 20080530 00:00:00 |k Rodrigo Vera | ||
| 999 | |c 330380 |d 330378 | ||
| 952 | |0 0 |1 0 |4 0 |6 333_790000000000000_OEC_2006 |7 0 |8 A |9 415883 |a BIBGIM |b BIBGIM |d 2019-11-22 |i 4444221 |o 333.79 OEC 2006 |p 4444221 |r 2025-01-15 |w 2019-11-22 |y BK |k OCD | ||